000 00917nam a22002897a 4500
003 CHAP
005 20220329140037.0
008 971013s1980 pn r 00010 spa d
010 _a46122
011 _a47094
035 _a51235
040 _cCHAP
090 _aFolleto 9878
110 _aUnión de Países Exportadores de Banano.
_9116214
245 1 _aActualización impuesto a la exportación y precio de salida del banano
260 _aPanamá :
_bLa Unión,
_c1980
300 _a15 p.
590 _aBATCH-UPD
_b10
_c20130110
_lUCH01
_h0034
590 _aBATCH-UPD
_b10
_c20130110
_lUCH01
_h2301
590 _aBATCH-UPD
_b10
_c20130410
_lUCH01
_h1554
590 _aBATCH-UPD
_b10
_c20130914
_lUCH01
_h1922
590 _aCONVERSION
_b10
_c20130109
_lUCH01
_h1325
650 1 4 _aPlátano
_xAspectos económicos.
_989206
901 _aBK
942 _cFOLL
949 _aFolleto 9878
_bBC
_cFOLL
_d-114737
_eTS1
_i51235
_mD
_si
999 _c46122
_d46122